000 01028nam a2200301 i 4500
001 bg
100 1 _aKOSMOWSKI, Kazimierz T.
245 1 0 _aMetodyka analizy ryzyka w zarządzaniu niezawodnością i bezpieczeństwem elektrowni jądrowych /
_cKazimierz T. Kosmowski ; Politechnika Gdańska.
260 _aGdańsk :
_bWydaw. PG,
_c2003.
300 _a219 s. :
_bwykr. ;
_c24 cm.
490 1 _aMonografie / Politechnika Gdańska ;
_v33
500 _aStreszcz. pol., ang.
504 _aBibliogr.
650 9 _aElektrownie jądrowe
_xbezpieczeństwo
650 9 _aRyzyko
_xbadanie
650 9 _aBezpieczeństwo i higiena pracy
_xbadanie
650 9 _aBezpieczeństwo systemów
650 9 _aBłędy
_xteoria
650 9 _aNiezawodność urządzeń
830 0 _aMonografie (Politechnika Gdańska) ;
_v33
020 _a8373480374
040 _cBPK
041 0 _apol
_beng
080 _a621.039.58:621.311.25:331.4:62-192:519.2
920 _a83-7348-037-4
942 _cKS
008 s pl f |000 0 pol
999 _c43072
_d43072
856 _uhttp://koha.tu.koszalin.pl/cgi-bin/koha/opac-detail.pl?biblionumber=43072
_yKatalog online BPK